Top 10 UFC Pay per View - Statistics

General Stats
  • This quiz has been taken 143 times
  • The average score is 16 of 20
Answer Stats
Top UFC Fighter VS % Correct
7 UFC 246 Mcgregor VS
97%
6 UFC 196 Mcgregor VS
97%
4 UFC 257 Mcgregor VS
97%
Mcgregor
97%
Mcgregor
97%
Mcgregor
97%
Mcgregor
97%
Mcgregor
97%
1 UFC 229 Khabib VS
95%
10 UFC 194 Aldo VS
87%
2 UFC 264 Poirier VS
87%
Poirier
87%
3 UFC 202 Diaz VS
83%
Diaz
83%
Cerrone
71%
8 UFC 205 Alvarez VS
65%
5 UFC 100 Lesnar VS
58%
9 UFC 251 Usman VS
54%
Masvidal
47%
Mir
44%
No matching quizzes found
Score Distribution
Percent of People with Each Score
Percentile by Number Answered
Your Score History
You have not taken this quiz